000
00272nam a2200109Ia 4500
008
190216s9999||||xx |||||||||||||| ||und||
100
_a
"Nigam Rs, Narng Sp&Amp;
 Sehgal Vc"
245
0
_a
Advanced Cost Accounting
260
_b
Null
_c
1981
300
_a
680p
942
_c
BK
999
_c
4910
_d
4910